Podnety k intenzívnej práci Zasadalo krajské združenie poslancov

Podrobná bibliografia
Hlavný autor: (ar) (Autor)
Médium: Článok
Jazyk:slovenčina
Predmet:

MARC

LEADER 00000nab a2200000 a 4500
001 vtls000000934
003 SK-MaSNL
005 20260305030154.0
008 111103c1978 xo 0 slo
015 |a SNBRB19rr/mm-uuuuu 
035 |a CL0011026 
040 |a SNKBUCL  |b slo  |c SNKBUCL  |e AACR2 
041 0 |a slo 
044 |a xo  |c SK 
080 |a 328  |2 1981 
100 1 |a (ar)  |4 aut  |9 838472 
245 1 0 |a Podnety k intenzívnej práci  |b Zasadalo krajské združenie poslancov  |c (ar) 
610 1 7 |a Slovensko (Československo).  |b Slovenská národná rada  |2 snkbucl  |9 34638 
650 0 7 |a Federálne zhromaždenie  |2 snkbucl  |9 934866 
650 0 7 |a Snemovňa ľudu  |2 snkbucl  |9 921642 
651 7 |a 5100  |2 snkbucl  |9 166206 
651 7 |a 5200  |2 snkbucl  |9 352126 
651 7 |a Západoslovenský kraj (Slovensko)  |2 snkbucl  |9 161528 
655 7 |a články z novín a časopisov  |2 snkbucl  |9 267496 
773 0 |t Hlas ľudu  |g Roč. 24, č. 135 (10. 6. 1978), s. 1 
850 |a Slovenská národná knižnica v Martine  |a MTA001 
852 |a SNK  |b KIS3GCP 
958 |a RK 
992 |a RBX 
999 |c 3309510  |d 3311440